| 000 | 005890000a22002050004500 | ||
|---|---|---|---|
| 090 |
_aAS _bSERIADAS |
||
| 245 | 1 | 0 | _aPeces del orden Tetraodontiformes de Colombia |
| 651 | 4 |
_pColombia _lRío Cauca _992749 |
|
| 690 |
_aPeces _992349 |
||
| 690 |
_aInventarios de peces _997463 |
||
| 690 |
_aListas de especies _928152 |
||
| 690 |
_aDistribución geográfica _992997 |
||
| 041 | 0 | _aEspañol | |
| 041 | 0 | _aInglés | |
| 044 | _aColombia | ||
| 700 | 1 |
_aPolanco F., Andrea _9100218 |
|
| 100 | 1 |
_aAcero P., Arturo _97522 |
|
| 942 | _cARTICULO | ||
| 773 | 1 |
_tBiota Colombiana _h1 _q155-164 _d2006 _g7 |
|
| 999 |
_c16248 _d16248 |
||